| 000 | 00589nam a22002177a 4500 | ||
|---|---|---|---|
| 003 | OSt | ||
| 005 | 20140310182942.0 | ||
| 008 | 130204t xxu||||| |||| 00| 0 eng d | ||
| 020 | _a9712336514 | ||
| 050 |
_aPE1128.A2 _bP295 2003 |
||
| 082 |
_aFIL 302.2242 _bP27 2003 |
||
| 245 |
_aHandbook for oral readers of English as a second language _cPaterno, Adelaida |
||
| 260 |
_aManila : _bRex Book Store, _cc2003 |
||
| 300 |
_axiv, 185 p. _c23 cm |
||
| 521 | _aCollege | ||
| 526 | _c1210L-1700L | ||
| 541 | _j1 | ||
| 541 | _j2 | ||
| 562 | _e2 | ||
| 942 |
_2lcc _cBK _kFIL |
||
| 999 |
_c17746 _d17746 |
||